| 000 | 00669nam a2200229 a 4500 | ||
|---|---|---|---|
| 001 | 45979 | ||
| 003 | BD-RjUL | ||
| 005 | 20211209054107.0 | ||
| 008 | 160730m19631960enk 001 0 eng | ||
| 035 | _a(BD-RjUL)46097 | ||
| 040 |
_aBD-RjUL _beng _cBD-RjUL _dBD-RjUL |
||
| 041 | _aeng | ||
| 082 |
_a330.1 _223 _bROE 1963 |
||
| 100 | 1 |
_aRobinson, Joan _d1903-1983 _9131499 |
|
| 245 | 1 | 0 |
_aExercises in economic analysis / _cJoan Robinson |
| 250 | _a1st ed. | ||
| 260 |
_aLondon : _bMacmillan ; _aNew York : _bSt. Martin's Press, _c1960,[Reprinted 1963] |
||
| 300 |
_axx, 242 p. ; _c19 cm. |
||
| 500 | _aIncludes index. | ||
| 650 | 0 |
_aEconomics. _9140595 |
|
| 942 |
_2ddc _cBK |
||
| 999 |
_c45979 _d45979 |
||